World encyclopedia of organized crime

Bibliographic Details
Main Author: Nash, Jay Robert
Format: Book
Published: London : Headline , 1992
Subjects:

MARC

LEADER 00000cam a2200000 7i4500
001 0000002170
002 000002367
005 20000330.0
020 |a 0747206201 
090 0 0 |a 364.1   |b NAS 
100 1 |a Nash, Jay Robert 
245 1 0 |a World encyclopedia of organized crime   |c Jay Robert Nash 
260 |a London :   |b Headline ,   |c 1992 
300 |a 624p. :   |b ill. ;   |c 29cm. 
650 0 0 |a Organized crime 
999 |a 033718   |b BUKU   |c PINJAMAN   |e PERPUSTAKAAN KOMUNITI PETALING JAYA 
999 |a 035215   |b BUKU   |c PINJAMAN   |e PERPUSTAKAAN KOMUNITI PETALING JAYA